Statistics for Ancient Egypt A-Z

Click here to take the quiz!

General Stats

  • This quiz has been taken 366 times
  • The average score is 13 of 26

Answer Stats

HintAnswer% Correct
BThis Organ was thought to be uselessBrain
84%
HPicture Writing used in EgyotHieroglyphics
81%
PWhat Scribes wrote onPapyrus
81%
LThe Pyramids were built out of this stoneLimestone
76%
YAlong with white, this color represented purityYellow
76%
NEgypt was called "The Gift of the ______"Nile
75%
RStone showing translations was found hereRosetta
74%
JCleopatra had a relationship with this personJulius Caesar
73%
OKing of the UnderworldOsiris
72%
IQueen of the UnderworldIsis
71%
XPersian who became Pharaoh in the 27th DynastyXerxes
55%
KKing who built the Great PyramidKhufu
51%
UWhere the sun went when it setUnderworld
50%
VLocation of Tombs in the New KingdomValley of the Kings
44%
CJars that the organs were placed intoCanopic Jars
43%
TGod of Writing and KnowledgeThoth
41%
QThree smaller pyramids near the Great Pyramid contained _____Queens
38%
SHead of a man and the Body of a LionSphynx
34%
ZThe Step Pyramid was based off these structuresZiggurats
32%
GGod of the EarthGeb
27%
MKing who united upper and lower EgyptMenes
27%
DThe Egyptian name for the AfterlifeDuat
23%
WThis Crown symbolized rule over Upper EgyptWhite Crown
22%
FPeople with this job built the PyramidsFarmers
19%
EAmulet worn for Protection from EvilEye of Horus
17%
ASeason of the the FloodAkhet
8%

Score Distribution

Percentile by Number Answered

Percent of People with Each Score

Your Score History

You have not taken this quiz